Sports Quiz

Random Sports or Soccer Quiz

Soccer: English Top 5 by Decade Quiz Stats

Quiz Updated Jan 16, 2018

Challenge
Share
Tweet
Embed
Score 0/60 Timer 05:00
22 Plays Today
Decade Club % Correct
1950sManchester United
99.3%
1960sManchester United
99.3%
1940s*Manchester United
99.3%
1980sManchester United
99.3%
1990sManchester United
99.3%
2000sManchester United
99.3%
1950sArsenal
98.3%
1970sArsenal
98.3%
1980sArsenal
98.3%
1990sArsenal
98.3%
2000sArsenal
98.3%
1940s*Arsenal
98.3%
1930sArsenal
98.3%
1970sLiverpool
98.1%
1980sLiverpool
98.1%
1920sLiverpool
98.1%
1990sLiverpool
98.1%
2000sLiverpool
98.1%
1990sChelsea
98%
2000sChelsea
98%
1900sEverton
91.4%
1890sEverton
91.4%
1960sTottenham Hotspur
91.4%
1960sEverton
91.4%
1970sEverton
91.4%
1980sEverton
91.4%
2000sEverton
91.4%
1910s*Everton
91.4%
1920sNewcastle United
84.2%
1900sNewcastle United
84.2%
Decade Club % Correct
1890sAston Villa
80.8%
1990sAston Villa
80.8%
1920sAston Villa
80.8%
1910s*Aston Villa
80.8%
1900sAston Villa
80.8%
1970sLeeds United
80.3%
1980sNottingham Forest
71%
1910s*Blackburn Rovers
68.8%
1890sBlackburn Rovers
68.8%
1890sSunderland
67.1%
1930sSunderland
67.1%
1920sSunderland
67.1%
1910s*Sunderland
67.1%
1900sSunderland
67.1%
1960sSheffield Wednesday
54.2%
1910s*The Wednesday
54.2%
1940s*Wolverhampton Wanderers
52.9%
1950sWolverhampton Wanderers
52.9%
1970sDerby County
52.1%
1940s*Derby County
52.1%
1930sDerby County
52.1%
1900sSheffield United
50%
1890sPreston North End
48.1%
1920sBolton Wanderers
47.9%
1950sBurnley
45.3%
1960sBurnley
45.3%
1940s*Portsmouth
45.1%
1930sPortsmouth
45.1%
1950sBlackpool
39.3%
1930sHuddersfield Town
36.9%

You're not logged in!

Compare scores with friends on all Sporcle quizzes.
Join for Free
OR
Log In

You Might Also Like...

Show Comments

Extras

Top Quizzes Today


Score Distribution

Your Account Isn't Verified!

In order to create a playlist on Sporcle, you need to verify the email address you used during registration. Go to your Sporcle Settings to finish the process.

Report this User

Report this user for behavior that violates our Community Guidelines.

Details: